Valores razonables : (Registro nro. 173010)
[ vista simple ]
| 000 -LEADER | |
|---|---|
| fixed length control field | 01307nam a22003491i 4500 |
| 001 - CONTROL NUMBER | |
| control field | bslw10068486 |
| 006 - FIXED-LENGTH DATA ELEMENTS--ADDITIONAL MATERIAL CHARACTERISTICS--GENERAL INFORMATION | |
| fixed length control field | m o d |
| 007 - PHYSICAL DESCRIPTION FIXED FIELD--GENERAL INFORMATION | |
| fixed length control field | cr un ---uuuua |
| 008 - FIXED-LENGTH DATA ELEMENTS--GENERAL INFORMATION | |
| fixed length control field | 230713s2019 ck a ob 000 0 spa d |
| 020 ## - INTERNATIONAL STANDARD BOOK NUMBER | |
| International Standard Book Number | 9789587717693 |
| 020 ## - INTERNATIONAL STANDARD BOOK NUMBER | |
| International Standard Book Number | 9789587717709 |
| Qualifying information | (eISBN) |
| 035 ## - | |
| -- | 38706 |
| 040 ## - CATALOGING SOURCE | |
| Original cataloging agency | UtOrBLW |
| Language of cataloging | eng |
| Description conventions | rda |
| Transcribing agency | UtOrBLW |
| 050 #4 - | |
| -- | HF5681.V3 |
| -- | M36 2019 |
| 082 04 - | |
| -- | 657.73 |
| -- | 23 |
| 100 1# - MAIN ENTRY--PERSONAL NAME | |
| Personal name | Mantilla B., Samuel Alberto |
| Fuller form of name | (Mantilla Blanco), |
| Relator term | author. |
| 245 10 - TITLE STATEMENT | |
| Title | Valores razonables : |
| Remainder of title | perspectiva de los estándares internacionales de información financiera para pymes / |
| Statement of responsibility, etc | Samuel Alberto Mantilla B.. |
| 250 ## - | |
| -- | Primera edición. |
| 264 #1 - | |
| -- | Bogotá, Colombia : |
| -- | Ecoe Ediciones, |
| -- | 2019. |
| 300 ## - PHYSICAL DESCRIPTION | |
| Extent | 1 online resource (xi, 202 pages) : |
| Other physical details | illustrations (some color) |
| 336 ## - | |
| -- | text |
| -- | txt |
| -- | rdacontent |
| 337 ## - | |
| -- | computer |
| -- | c |
| -- | rdamedia |
| 338 ## - | |
| -- | online resource |
| -- | cr |
| -- | rdacarrier |
| 490 1# - SERIES STATEMENT | |
| Series statement | Colección: Ciencias Empresariales. Área: Contabilidad y Finanzas |
| 504 ## - BIBLIOGRAPHY, ETC. NOTE | |
| Bibliography, etc | Includes bibliographical references. |
| 650 #0 - SUBJECT ADDED ENTRY--TOPICAL TERM | |
| Topical term or geographic name as entry element | Valuation. |
| 650 #0 - SUBJECT ADDED ENTRY--TOPICAL TERM | |
| Topical term or geographic name as entry element | Financial statements |
| General subdivision | Standards. |
| 830 #0 - | |
| -- | Colección: Ciencias Empresariales. |
| -- | Contabilidad y Finanzas. |
| 856 40 - LOCALIZACIÓN Y ACCESO ELECTRÓNICO | |
| Identificador Uniforme del Recurso (URI/URL) | https://app.vlex.com/#/sources/38706 |
| 942 ## - | |
| -- | RAA |
| 999 ## - | |
| -- | 173010 |
| -- | 173010 |
No hay ítems disponibles.